000 00993nam a2200277 i 4500
001 8150
003 KOSZ 005
005 20230126145902.0
008 080501s1963 pl a f 000 0 pol
015 _aPB 1963/533
040 _aWA N
_cKOSZ 005/RW
_dKOSZ 005/RW
041 0 _apol
_bger
080 _a658.2/.5:331:159.9
100 1 _aOkóń, Jan
_eAutor
245 1 0 _aPsychologia inżynieryjna :
_bdostosowanie maszyn i urządzeń do człowieka /
_cJ. Okóń, L. Paluszkiewicz.
260 _aWarszawa :
_bPaństwowe Wydawnictwo Naukowe,
_c1963.
300 _a256 s. :
_bil., err. ;
_c23 cm.
380 _aKsiążki.
504 _aBibliogr. przy rozdz.
546 _aStreszcz. niem.
650 4 _aPrzemysł
_xpraca
_xpsychologia.
710 2 _aPaństwowe Wydawnictwo Naukowe
_4pbl.
700 1 _aPaluszkiewicz, Longin
_d(1925-1989)
_eAutor
856 _uhttp://koha.tu.koszalin.pl/cgi-bin/koha/opac-detail.pl?biblionumber=8150
_yKatalog online BPK
942 _2UKD
_cKS
999 _c8150
_d8150